000 00393nam a2200121Ia 4500
008 220620s9999||||xx |||||||||||||| ||und||
245 0 _aGame Production Studies
546 _aEnglish[eng]
650 _avideo games||production studies||game industry
700 _aSotamaa, Olli||Svelch, Jan
856 _uhttps://library.oapen.org/bitstream/20.500.12657/47043/1/9789048551736.pdf
942 _cEB
999 _c27479
_d27479